000 00204 a2200097 4500
001 7959
100 _aHornby, A S
245 _aEnglish reader's dictionary
260 _a
_bOxford
_c
090 _c6377
_d6377
942 _aNUST-CAE
_cM
_c32908
999 _c243032
_d243032